000 00537nam a2200181Ia 4500
999 _c7422
_d7422
003 OSt
005 20200120151542.0
008 190216s9999||||xx |||||||||||||| ||und||
020 _a9788127237547
040 _coclc
082 _a658.15
_bGUP/F
100 _a Gupta, Shashi K
_91007
245 0 _aFinancial Management /
_cShashi K Gupta ; R K Sharma ; Neeti Gupta
260 _bKalyani Publications,
_aNew Delhi:
_c2007.
300 _a289p
650 _aCommerce
942 _cBK
_2ddc
_h658.15
_iGUP/F
_k658.15
_mGUP/F